2022 FIFA World Cup Round of 16 - Argentina - Australia - Statistics

General Stats
  • This quiz has been taken 119 times
  • The average score is 17 of 33
Answer Stats
Player % Correct
Lionel Messi ¹
97%
Emiliano Martínez
95%
Lautaro Martínez
95%
Lisandro Martínez
94%
Julián Álvarez ¹
86%
Rodrigo De Paul
85%
Nicolás Otamendi
82%
Cristian Romero
79%
Nahuel Molina
79%
Alexis Mac Allister
77%
Enzo Fernández
76%
Marcos Acuña
73%
Mathew Ryan
64%
Lionel Scaloni
60%
Nicolás Tagliafico
58%
Papu Gómez
53%
Aaron Mooy
42%
Craig Goodwin
40%
Mitchell Duke
37%
Mathew Leckie
36%
Harry Souttar
33%
Exequiel Palacios
27%
Aziz Behich
26%
Jackson Irvine
26%
Garang Kuol
23%
Miloš Degenek
23%
Graham Arnold
19%
Kye Rowles
19%
Riley McGree
19%
Ajdin Hrustic
18%
Fran Karačić
18%
Jamie Maclaren
18%
Keanu Baccus
15%
No matching quizzes found
Score Distribution
Percent of People with Each Score
Percentile by Number Answered
Your Score History
You have not taken this quiz